000 00648nas a2200229 4500
001 BR9504919
003 BR-BrBNA
005 20231205094145.0
007 ta
008 230509b bl.|||p| |||| 00| 00por d
040 _aBR-BrBNA
_bpor
_cBiblioteca Nacional de Agricultura
041 _a(Pt)
072 _aK50; E71
100 1 _aCalado, F.
245 1 _aEvolucao da madeira compensada no Brasil
650 _aCompensado
650 _aImportacao
650 _aExportacao
773 0 _tSilvicultura (Brazil)
_xISSN 0100-3615
_g(Nov-Dec 1994), v. 15(58) p. 44-46
_wBR9504919
909 _a202311
_bLúcia
_c55
_dLúcia Elande
942 _2AGRIS
_n0
_cANA
999 _c142427
_d142427